000
00329nam a2200133Ia 4500
008
230411s9999 xx 000 0 und d
041
_a
eng
082
_a
X/891/JOS/B00242
100
_a
Joshi Suhas
_9
176483
245
_a
Vyayam Kara Ajar Palva
260
_b
Phadke
_a
Mumbai
_c
1999
300
_a
111p
999
_c
151761
_d
151761